Регионална библиотека "Любен Каравелов" - Русе

Дашенка или Животът на едно кученце (Запис номер 148794)

MARC детайли
000 -Лидер
Контролно поле с фиксирана дължина nam a22 a 4500
003 - Код на организацията, давaща контролен номер
Контролно поле BLK
005 - Дата и час на последна редакция
Контролно поле 20230201171522.0
008 - Елементи от данни с фиксирана дължина
fixed length control field 180410b bul|||||r ||||||| ||bul||
010 ## - Наследен системен номер
LC control number KNG00155022000
040 ## - Източник на каталожния запис
Идентификатор на билиотеката - собственик на записа BLK
041 ## - Код за език
Код за езика на текст/звукозапис или на отделно заглавие Български
Код за езика КДБФ Български
080 ## - УДК
Текстов определител УДК Чешка литература
УДК код - определител по УДК 821.162.3
УДК определител -93-34
УДК - код + определител 821.162.3-93-34
100 1# - Редна дума - Автор
Автор Чапек, Карел
Авторска отговорност първи автор
R(LIN) 370071
139 ## - Редно поле
Редна дума Чапек, Карел
Авторски знак Чапе - Ч 29
245 10 - Сведения за заглавието
Заглавие Дашенка или Животът на едно кученце
Подзаглавни данни Приказка : За деца
Редно поле (дума) Карел Чапек; прев. от чеш. Невена Захариева.
257 ## - Страна на издаване
Страна на създаване/издаване Чехия
260 ## - Област на издателските данни
Място на издаване, разпространение и проч. София
Име на издателя, разпространителя и проч. Отечество
Година на издаване 1986
Печатница В. Търново : Д. Найденов
300 ## - Физическа характеристика
Страници 64 с.
Илюстрации и др. с ил.
Размери/Мащаб 24 см
380 ## - Жанр
Жанр Детска худож. лит.
500 ## - Общи забележки
Забележка Ориг. загл. Dasenka / Karel Capek. - 45 115 тир.
700 1# - Други автори (авторска отговорност)
Лично име Захариева, Невена
Автороска отговорност (Описва отношението между автора и произведението) прев. от чеш.
Друга информация Димитрова, Невена Захариева
9 (RLIN) 372671
852 ## - Местоположение
Форматна сигнатура Цб 265789
856 4# - Електронен адрес и достъп
Електронен формат pdf - файл
Инструкция (цена за достъп) 0.00
Права за достъп disable
856 4# - Електронен адрес и достъп
Електронен формат pdf - файл
Инструкция (цена за достъп) 0.00
Права за достъп disable
999 ## - СИСТЕМНИ КОНТРОЛНИ НОМЕРА
Koha biblionumber 148794
Koha biblioitemnumber 148794
942 ## - АРТИКУЛИ
Вид на библиотечния материал Книги
Скрит в OPAC Не
Периодичен библиозапис Да
944 ## - СЪЗДАВАНЕ И РЕДАКЦИЯ на ЗАПИСА
Създаване/Редакция Създаване
Дата на регистрацията/редакция 27.12.2013
Статус, дата на статуса 27.12.2013 - от С1,Р / 27.12.2013
Служител, извършил регистрацията/редакцията Митко_Георгиев
944 ## - СЪЗДАВАНЕ И РЕДАКЦИЯ на ЗАПИСА
Създаване/Редакция Редакция
Дата на регистрацията/редакция 27.12.2013
Статус, дата на статуса 27.12.2013 - от С1,Р / 27.12.2013
999 ## - СИСТЕМНИ КОНТРОЛНИ НОМЕРА
Koha biblioitemnumber 148794
Наличности
Код за отписване Код за изгубен артикул Източник на класификационната схема Код за повреда Коз за рестрикции Код за отдаване Артикулен № Име на библиотеката - собственик Име на библиотеката, в която се намира в момента Статус (Текущо местоположение) Дата на вписване в системата Местоположение - отдел Цена в лева Инвентарен номер Систематично азбучна сигнатура Баркод Номер на екземпляра Цена в евро Служебна бележка Служебен тип на артикула
  Не е изгубен Universal Decimal Classification Не е повреден без рестрикции ползва се в читалня 247962 Регионална библиотека "Любен Каравелов" Русе Регионална библиотека "Любен Каравелов" Русе Хранилище 1986-01-01 Хранилище 0.34 448365 Цб 265789 120000448365 1 0.17 N: стар фонд Дата: 01.01.1986 Книги
  Не е изгубен Universal Decimal Classification Не е повреден без рестрикции заемане за дома 247963 Регионална библиотека "Любен Каравелов" Русе Регионална библиотека "Любен Каравелов" Русе Детски отдел 1986-01-01 Детски отдел 0.34 448647 ДХ 820/899/Ч 29 120000448647 2 0.17 N: стар фонд Дата: 01.01.1986 Дата инв: 11.08.2015 Бележки инв: Д2015 Книги
Изтеглен Не е изгубен Universal Decimal Classification Не е повреден без рестрикции заемане за дома 247964 Регионална библиотека "Любен Каравелов" Русе Регионална библиотека "Любен Каравелов" Русе Детски отдел 1986-01-01 Детски отдел 0.34 448648 ДХ 820/899/Ч 29 448648 3 0.17 N: стар фонд Дата: 01.01.1986 Дата инв: 07.10.2015 Бележки инв: Д2015 Книги
Изтеглен Не е изгубен Universal Decimal Classification Не е повреден без рестрикции заемане за дома 247965 Регионална библиотека "Любен Каравелов" Русе Регионална библиотека "Любен Каравелов" Русе Детски отдел 1986-01-01 Детски отдел 0.34 448650 ДХ 820/899/Ч 29 448650 4 0.17 N: стар фонд Дата: 01.01.1986 Дата инв: 07.10.2015 Бележки инв: Д2015 Книги
  Не е изгубен Universal Decimal Classification Не е повреден без рестрикции заемане за дома 247966 Регионална библиотека "Любен Каравелов" Русе Регионална библиотека "Любен Каравелов" Русе Детски отдел 1986-01-01 Детски отдел 0.34 448651 ДХ 820/899/Ч 29 120000448651 5 0.17 N: стар фонд Дата: 01.01.1986 Дата инв: 11.08.2015 Бележки инв: Д2015 Книги
Vip Innovations Ltd, Rousse, Bulgaria 2025